000 00446 a2200169 4500
003 Nust
005 20170207153439.0
040 _cNust
082 _a005.1
100 _aZaheer , NC Ammar BESE-09
245 _aElectro cardio graph converter (Hard / Soft-copy)
_cNC Ammar Zaheer & NC Qurat-Ul-Ain Khan BESE-09
260 _cMCS
_a2007
300 _a108 p.
538 _aAlmirah No 71 Shelf No 5
650 _aUG Projects
651 _aUG CS Projects
942 _cTHS
999 _c186446
_d186446